000 00413nab a22001577a 4500
001 T027600010269-09
008 190830b xxu||||| |||| 00| 0 esp |
040 _aFEVP
_cFEVP
100 _aVargas E, Jorge Enrique.
245 _aBases del programa macroeconómico de 1990.
300 _app. 253-265
650 _aHábitos Alimenticios
650 _aCocina--Historia
650 _aAlimentos--Historia
942 _cANL
999 _c12995
_d12995